| 000 | 00461nab a2200145Ia 4500 | ||
|---|---|---|---|
| 003 | ES-SlBCS | ||
| 005 | 20210601125508.0 | ||
| 008 | 140529s2004 xxu||||| |||| 00| 0 eng d | ||
| 041 | _aeng | ||
| 100 | 1 |
_aColapietro, Vincent _9131997 |
|
| 245 | 0 | 0 |
_aStriving to Speak in a Human Voice: A Peircean Contribution _c Vincent Colapietro |
| 650 | 0 | 4 |
_aVoz Humana _9159304 |
| 773 | 0 |
_tReview of Methaphysics _gvol. 58, nº. 2, 2004, págs. 367-398 _wRev843 |
|
| 942 | _cAR | ||
| 999 |
_c531246 _d531246 |
||